000 00607nam a2200193Ia 4500
003 GCL
008 140319s9999 xx 000 0 ara d
040 _aGCL /
_cGCL
082 0 4 _a843
_bج م
100 1 _aجوردان، سو ان
245 1 0 _aالمطاردة العنيفة /
_cجوردان، سو ان
260 _a[S.N] :
_bدار الراتب الجامعية
300 _a131
490 _aسلاسل سوفنير
_v0
650 0 4 _aالادب الفرنسى
650 0 4 _aالادب الفرنسى المترجم
650 0 4 _aالقصص الفرنسية المترجمة
942 _2ddc
_cBK
999 _c32910
_d32910